000 00817nam a2200193 a 4500
003 0
005 20250422083249.0
008 060725s19uu xx 00 eng d
050 _aPHS HM 821
_b.C47 2006
100 _aCervantes, Mariz Mae L.
245 _aA Comparative study on the effects of economic status on the self-esteem of graduating students of Southville International School and Colleges and Escuela de San Lorenzo Ruiz /
_cMariz Mae L. Cervantes.
260 _aLas PiƱas City, Philippines :
_bSouthville International School and Colleges,
_c2006.
300 _a35 pages ;
_c28 cm.
504 _aIncludes bibliographical references.
650 _aSelf-esteem in adolescence.
650 _aEconomic status
_xPsychological aspects.
650 _aSocial status
_xPsychological aspects.
942 _2lcc
_cPASS
999 _c97585
_d97585